[Event "Wiesbaden op 28th"]
[Site "Wiesbaden"]
[Date "2016.08.26"]
[Round "2"]
[White "Jahraus, Marlis"]
[Black "Klebs, Sebastian"]
[Result "0-1"]
[WhiteElo "1453"]
[BlackElo "1836"]
[PlyCount "86"]
[EventDate "2016.08.25"]
[EventType "swiss"]
[EventRounds "7"]
[EventCountry "GER"]
[SourceTitle "CBM 174 Extra"]
[Source "ChessBase"]
[SourceDate "2016.10.10"]
[SourceVersion "1"]
[SourceVersionDate "2016.10.10"]
[SourceQuality "1"]

1. e4 c5 2. Be2 Nc6 3. f4 d6 4. Nf3 Nf6 5. d3 Bg4 6. 0-0 e6 7. Qe1 Be7 8. c3 0-0 9. Qg3 Bxf3 10. Bxf3 Kh8 11. e5 Nd5 12. Bxd5 exd5 13. exd6 Qxd6 14. Nd2 b5 15. Nf3 Bf6 16. Rb1 d4 17. Bd2 dxc3 18. bxc3 Qxd3 19. Rbc1 a5 20. Qf2 Qf5 21. c4 b4 22. Be3 Be7 23. Nd2 a4 24. Qf3 Nd4 25. Bxd4 cxd4 26. Ne4 Qd7 27. Rfd1 f5 28. Nf2 Bf6 29. Nd3 b3 30. axb3 axb3 31. Nc5 Qe7 32. Nxb3 Ra3 33. Rd3 Rd8 34. c5 Ra2 35. c6 Re2 36. Rdd1 Re3 37. Qf1 Rxb3 38. Qc4 Rc3 39. Rxc3 dxc3 40. Rxd8+ Qxd8 41. c7 Qd1+ 42. Kf2 Bd4+ 43. Kg3 Qg4# 0-1

[Event "Heusenstamm Sparkassen op-A 2nd"]
[Site "Heusenstamm"]
[Date "2015.11.28"]
[Round "5"]
[White "Klebs, Sebastian"]
[Black "Koellner, Ruben Gideon"]
[Result "0-1"]
[WhiteElo "1828"]
[BlackElo "1985"]
[PlyCount "94"]
[EventDate "2015.11.26"]
[EventType "swiss"]
[EventRounds "7"]
[EventCountry "GER"]
[SourceTitle "EXT 2018"]
[Source "ChessBase"]
[SourceDate "2017.10.13"]
[SourceVersion "1"]
[SourceVersionDate "2017.10.13"]
[SourceQuality "1"]

1. e4 d6 2. d4 Nf6 3. Nc3 e5 4. Nf3 exd4 5. Nxd4 Be7 6. Bc4 0-0 7. 0-0 a6 8. a4 Nc6 9. Nxc6 bxc6 10. Qd3 Nd7 11. f4 Bf6 12. Be3 Re8 13. Bd4 Bb7 14. Rae1 Bxd4+ 15. Qxd4 Qe7 16. a5 Rad8 17. Qf2 Qf8 18. h3 Re7 19. Re2 d5 20. Bd3 Ree8 21. e5 Qc5 22. Qxc5 Nxc5 23. Rfe1 Bc8 24. Kf2 g6 25. g4 Ne6 26. Kg3 c5 27. Rf2 c4 28. Bf1 Nc5 29. Bg2 Bb7 30. Rd2 d4 31. Ne4 Bxe4 32. Bxe4 Nxe4+ 33. Rxe4 c5 34. Kf3 Rb8 35. c3 Rb3 36. Kg2 dxc3 37. bxc3 Rxc3 38. Rd6 Rb8 39. Re2 Rcb3 40. Rxa6 c3 41. Rc6 Rb2 42. Kf2 R8b5 43. a6 c2 44. a7 c1Q 45. a8Q+ Kg7 46. Rf6 Rxe2+ 47. Kxe2 Qc2+ 0-1

[Event "Heusenstamm Schloss op 1st"]
[Site "Heusenstamm"]
[Date "2014.11.21"]
[Round "2"]
[White "Klebs, Sebastian"]
[Black "Werner, Dimo"]
[Result "1/2-1/2"]
[WhiteElo "1930"]
[BlackElo "2083"]
[PlyCount "24"]
[EventDate "2014.11.20"]
[EventType "swiss"]
[EventRounds "7"]
[EventCountry "GER"]
[SourceTitle "CBM 163 Extra"]
[Source "ChessBase"]
[SourceDate "2014.12.23"]
[SourceVersion "1"]
[SourceVersionDate "2014.12.23"]
[SourceQuality "1"]

1. e4 d5 2. exd5 Qxd5 3. Nc3 Qd8 4. d4 Nf6 5. Bc4 g6 6. Nf3 Bg7 7. 0-0 0-0 8. h3 Nbd7 9. Re1 Nb6 10. Bb3 c6 11. Qe2 a5 12. a4 Re8 1/2-1/2

[Event "Wiesbaden op 26th"]
[Site "Wiesbaden"]
[Date "2014.08.30"]
[Round "4"]
[White "Kalepky, Helmut"]
[Black "Klebs, Sebastian"]
[Result "1/2-1/2"]
[WhiteElo "2084"]
[BlackElo "1849"]
[PlyCount "90"]
[EventDate "2014.08.28"]
[EventType "swiss"]
[EventRounds "7"]
[EventCountry "GER"]
[SourceTitle "CBM 162 Extra"]
[Source "ChessBase"]
[SourceDate "2014.10.17"]
[SourceVersion "1"]
[SourceVersionDate "2014.10.17"]
[SourceQuality "1"]

1. d4 d5 2. c4 c6 3. Nf3 e6 4. Qc2 Nf6 5. Bg5 Nbd7 6. e3 Bb4+ 7. Nbd2 Qa5 8. Bxf6 Nxf6 9. Bd3 0-0 10. 0-0 Bxd2 11. Nxd2 Qd8 12. Nf3 h6 13. Ne5 Nd7 14. f4 f5 15. Nxd7 Bxd7 16. c5 b6 17. Rfc1 b5 18. Qd2 a6 19. h3 Qh4 20. Kh2 g5 21. g3 Qh5 22. Be2 Qg6 23. Rg1 Kh8 24. Rg2 Rg8 25. Kg1 Qf6 26. Kf2 Rg7 27. Rh1 Rag8 28. Bf3 Bc8 29. h4 g4 30. Be2 h5 31. Qa5 Qd8 32. b4 Qxa5 33. bxa5 Ra7 34. Rb1 Bd7 35. Ke1 Rga8 36. Kd2 Kg7 37. Kc3 Kf6 38. Bd1 Ke7 39. Rgb2 Kd8 40. Ra1 Kc7 41. Rb3 Kd8 42. Be2 Kc7 43. a4 Kd8 44. Kb4 Kc7 45. axb5 axb5 1/2-1/2

[Event "Wiesbaden op 26th"]
[Site "Wiesbaden"]
[Date "2014.08.30"]
[Round "5"]
[White "Klebs, Sebastian"]
[Black "Fellhauer, Clemens"]
[Result "1/2-1/2"]
[WhiteElo "1849"]
[BlackElo "2096"]
[PlyCount "83"]
[EventDate "2014.08.28"]
[EventType "swiss"]
[EventRounds "7"]
[EventCountry "GER"]
[SourceTitle "CBM 162 Extra"]
[Source "ChessBase"]
[SourceDate "2014.10.17"]
[SourceVersion "1"]
[SourceVersionDate "2014.10.17"]
[SourceQuality "1"]

1. e4 b6 2. d4 Bb7 3. Nc3 e6 4. Nf3 Bb4 5. Bd3 Nf6 6. Qe2 d5 7. exd5 Nxd5 8. Bd2 0-0 9. Ng5 Nf6 10. Nf3 Nbd7 11. 0-0 Re8 12. Bg5 h6 13. Bh4 Be7 14. Ne4 Nxe4 15. Bxe7 Qxe7 16. Bxe4 Bxe4 17. Qxe4 c5 18. Rad1 Nf6 19. Qe2 Rac8 20. c4 cxd4 21. Rxd4 e5 22. Rd2 e4 23. Nd4 Qc5 24. b3 h5 25. h3 Re7 26. Qe3 Rd7 27. Rfd1 Rcd8 28. Qc3 a6 29. Ne2 Rxd2 30. Rxd2 Re8 31. Qe3 Qc7 32. Nc3 Qe5 33. Nd5 Nxd5 34. Rxd5 Qe6 35. Qd4 f5 36. Rd6 Qe7 37. Qxb6 f4 38. Qd4 f3 39. Qd5+ Kf8 40. Qf5+ Kg8 41. Qd5+ Kf8 42. Qf5+ 1/2-1/2

[Event "Rheinland op"]
[Site "Koblenz"]
[Date "2003.04.13"]
[Round "3"]
[White "Klebs, Sebastian"]
[Black "Schellen, Sven"]
[Result "1-0"]
[WhiteElo "1675"]
[BlackElo "1481"]
[PlyCount "69"]
[EventDate "2003.04.11"]
[EventType "swiss"]
[EventRounds "7"]
[EventCountry "GER"]
[SourceTitle "EXT 2004"]
[Source "ChessBase"]
[SourceDate "2003.11.25"]
[SourceVersion "1"]
[SourceVersionDate "2003.11.25"]
[SourceQuality "1"]

1. e4 c6 2. d4 d5 3. e5 Bf5 4. Be3 Qb6 5. Qc1 e6 6. c4 c5 7. cxd5 exd5 8. dxc5 Qb4+ 9. Qc3 Qxc3+ 10. Nxc3 Be6 11. Nb5 Kd7 12. Nd6 Bxd6 13. cxd6 Nc6 14. Bb5 a6 15. Bxc6+ bxc6 16. b4 Re8 17. Ne2 Bf5 18. f4 Bd3 19. Bd4 f6 20. Rf1 Nh6 21. Kd2 Bxe2 22. Kxe2 Nf5 23. Kd3 Rb8 24. Bc5 Rhe8 25. Rae1 Re6 26. g4 Nh6 27. exf6 g6 28. Rxe6 Kxe6 29. Re1+ Kxf6 30. g5+ Kf5 31. gxh6 Kxf4 32. Rf1+ Kg5 33. Rf7 Kxh6 34. d7 g5 35. Rf8 1-0

[Event "Koblenz-ch"]
[Site "Koblenz"]
[Date "2002.11.28"]
[Round "6"]
[White "Scheffler, Siegfried"]
[Black "Klebs, Sebastian"]
[Result "0-1"]
[WhiteElo "1490"]
[BlackElo "1696"]
[PlyCount "130"]
[EventDate "2002.10.17"]
[EventType "swiss"]
[EventRounds "7"]
[EventCountry "GER"]
[SourceTitle "EXT 2005"]
[Source "ChessBase"]
[SourceDate "2004.11.15"]
[SourceVersion "1"]
[SourceVersionDate "2004.11.15"]
[SourceQuality "1"]

1. e4 c5 2. c3 d5 3. d3 Nc6 4. Nd2 Nf6 5. exd5 Qxd5 6. Ngf3 Bf5 7. Qe2 Rd8 8. Qe3 Bxd3 9. Bxd3 Qxd3 10. Qxc5 e6 11. Qe3 Qxe3+ 12. fxe3 Be7 13. 0-0 0-0 14. b4 Rd3 15. Nb1 Ne4 16. b5 Na5 17. Ne5 Rd5 18. Nf3 Rxb5 19. Ba3 Bxa3 20. Nxa3 Rc5 21. c4 Nxc4 22. Nxc4 Rxc4 23. a4 Rc3 24. Rfe1 Rd8 25. Nd4 e5 26. Nb5 Rc2 27. Red1 Rdd2 28. Rxd2 Rxd2 29. Nxa7 Re2 30. Rc1 g6 31. Nb5 Rxe3 32. g3 Rd3 33. Rc8+ Kg7 34. Rb8 Rd1+ 35. Kg2 Nc5 36. a5 Ra1 37. Rc8 Ne6 38. Nd6 Rxa5 39. Nxb7 Rb5 40. Nd6 Rc5 41. Ra8 f5 42. h4 Rc2+ 43. Kh3 e4 44. Ra7+ Kh6 45. Nf7+ Kh5 46. Ne5 Rc7 47. Ra6 Nc5 48. Ra5 Nd3 49. g4+ Kh6 50. gxf5 gxf5 51. Nxd3 exd3 52. Rxf5 Rd7 53. Rf1 d2 54. Rd1 Kh5 55. Kg3 Rd3+ 56. Kf2 Kxh4 57. Ke2 Rd7 58. Rh1+ Kg4 59. Kd1 h5 60. Rh2 h4 61. Rg2+ Kf3 62. Rh2 Kg3 63. Rh1 h3 64. Rg1+ Kf2 65. Rh1 Kg2 0-1

[Event "Koblenz-ch"]
[Site "Koblenz"]
[Date "2002.11.21"]
[Round "5"]
[White "Klebs, Sebastian"]
[Black "Warkentin, Peter"]
[Result "1/2-1/2"]
[WhiteElo "1696"]
[BlackElo "1523"]
[PlyCount "95"]
[EventDate "2002.10.17"]
[EventType "swiss"]
[EventRounds "7"]
[EventCountry "GER"]
[SourceTitle "EXT 2005"]
[Source "ChessBase"]
[SourceDate "2004.11.15"]
[SourceVersion "1"]
[SourceVersionDate "2004.11.15"]
[SourceQuality "1"]

1. e4 d5 2. exd5 Nf6 3. d4 Bg4 4. f3 Bf5 5. Bd3 Bxd3 6. Qxd3 Nxd5 7. a3 e6 8. c4 Nf6 9. Ne2 c5 10. 0-0 cxd4 11. Qxd4 Qxd4+ 12. Nxd4 Bc5 13. Be3 Nc6 14. Nc2 Bxe3+ 15. Nxe3 Rd8 16. Rd1 Ke7 17. Nc3 Rd7 18. Rxd7+ Nxd7 19. Rd1 a6 20. b4 Rc8 21. Ne4 b6 22. f4 Rd8 23. Kf1 Nf6 24. Rxd8 Nxd8 25. Nxf6 Kxf6 26. Ke2 Ke7 27. Kd3 Kd6 28. Ke4 Nc6 29. Nc2 f5+ 30. Ke3 e5 31. fxe5+ Kxe5 32. b5 axb5 33. cxb5 Na5 34. Kd3 g5 35. Ne3 h5 36. Nc4+ Nxc4 37. Kxc4 Kd6 38. Kd4 h4 39. g3 hxg3 40. hxg3 f4 41. gxf4 gxf4 42. Ke4 Kc5 43. Kxf4 Kxb5 44. Ke4 Kc4 45. Ke5 b5 46. Kd6 Kb3 47. Kc5 Ka4 48. Kb6 1/2-1/2

[Event "Koblenz-ch"]
[Site "Koblenz"]
[Date "2001.09.04"]
[Round "1"]
[White "Klebs, Sebastian"]
[Black "Forster, Manfred1111"]
[Result "1-0"]
[WhiteElo "1705"]
[BlackElo "1423"]
[PlyCount "43"]
[EventDate "2001.09.04"]
[EventType "swiss"]
[EventRounds "7"]
[EventCountry "GER"]
[SourceTitle "EXT 2005"]
[Source "ChessBase"]
[SourceDate "2004.11.15"]
[SourceVersion "1"]
[SourceVersionDate "2004.11.15"]
[SourceQuality "1"]

1. e4 e5 2. Nc3 Nf6 3. f4 d6 4. Nf3 Bg4 5. h3 Bxf3 6. Qxf3 Be7 7. Bc4 Nc6 8. d3 Nd4 9. Qf2 c6 10. Be3 c5 11. 0-0-0 b5 12. Nxb5 Qb6 13. Nxd4 cxd4 14. Bd2 Rb8 15. Bb3 a5 16. a4 Qc5 17. Kb1 0-0 18. g4 Rfc8 19. Rc1 Ne8 20. fxe5 dxe5 21. Qxf7+ Kh8 22. Qg8# 1-0